000 00601nam a2200169Ia 4500
008 090711s9999 xx 000 0 und d
082 _b1590
100 _aओक Sाारुशीला
245 _aकुन्नी आणि आईSां बाळ
260 _bपराग प्रकाशन (मुंबई)
_c1999
300 _a170
600 _aओक Sाारुशीला
630 _aकुन्नी आणि आईSां बाळ
700 _aओक Sाारुशीला
730 _aकुन्नी आणि आईSां बाळ
942 _cBOOK
999 _c336747
_d336747